| 000 -LEADER |
| fixed length control field |
00779nam a22001937a 4500 |
| 001 - CONTROL NUMBER |
| control field |
4908 |
| 003 - CONTROL NUMBER IDENTIFIER |
| control field |
BD-DhUAP |
| 005 - DATE AND TIME OF LATEST TRANSACTION |
| control field |
20210107150916.0 |
| 008 - FIXED-LENGTH DATA ELEMENTS--GENERAL INFORMATION |
| fixed length control field |
210107s1999 bg |||| |||| 00| 0 ben d |
| 040 ## - CATALOGING SOURCE |
| Original cataloging agency |
BD-DhUAP |
| Language of cataloging |
Ben |
| Transcribing agency |
BD-DhUAP |
| Modifying agency |
BD-DhUAP |
| 082 ## - DEWEY DECIMAL CLASSIFICATION NUMBER |
| Edition number |
23 |
| Classification number |
338.95492 BAN |
| 245 ## - TITLE STATEMENT |
| Title |
বাংলাদেশ উন্নয়ন সমীক্ষা। |
| 260 ## - PUBLICATION, DISTRIBUTION, ETC. |
| Place of publication, distribution, etc. |
ঢাকা : |
| Name of publisher, distributor, etc. |
বাংলাদেশ উন্নয়ন গবেষণা প্রতিষ্ঠান, |
| Date of publication, distribution, etc. |
c১৯৯৯। |
| 300 ## - PHYSICAL DESCRIPTION |
| Extent |
খণ্ড ; |
| Dimensions |
২৩ সেমি.। |
| 505 ## - FORMATTED CONTENTS NOTE |
| Formatted contents note |
খণ্ড ১৬-- |
| 650 ## - SUBJECT ADDED ENTRY--TOPICAL TERM |
| Topical term or geographic name entry element |
Economic development |
| Geographic subdivision |
Bangladesh. |
| 710 ## - ADDED ENTRY--CORPORATE NAME |
| Corporate name or jurisdiction name as entry element |
বাংলাদেশ উন্নয়ন গবেষণা প্রতিষ্ঠান। |
| 942 ## - ADDED ENTRY ELEMENTS (KOHA) |
| Source of classification or shelving scheme |
|
| Koha item type |
Book |